Três ensaios de história colonial / (Record no. 1278)
[ view plain ]
| 000 -LÍDER | |
|---|---|
| Campo Fixo de Controle | 00787nam a2200241 a 4500 |
| 001 - NÚMERO DE CONTROLE | |
| Campo de Controle | 1278 |
| 003 - IDENTIFICAÇÃO DO NÚMERO DE CONTROLE | |
| Campo de Controle | BR-CuiBMT |
| 005 - DATA E HORA DA ÚLTIMA ATUALIZAÇÃO | |
| Campo de Controle | 20231207221152.0 |
| 008 - DADOS FIXOS | |
| Dados Fixos | 231203s2008 dtb 001 0 por d |
| 040 ## - AGÊNCIA CATALOGADORA | |
| Código da Agência Catalogadora | BR-CuiBMT |
| Agência que transcreveu o registro | BR-CuiBMT |
| 080 ## - Nº DA CLASSIFICAÇÃO DECIMAL UNIVERSAL | |
| Nº Class. CDU | 94 |
| Subd. Auxiliar Comum | (81) |
| Nº edição CDU | 2007 |
| 090 ## - NÚMERO DE CHAMADA | |
| Nº classificação | 94(81) |
| Cutter | S237t |
| 100 1# - ENTRADA PRINCIPAL -- AUTOR PESSOAL | |
| Nome pessoal | Santos, Corcino Medeiros dos, |
| Datas associadas ao nome | 1931- |
| 245 10 - TÍTULO PRINCIPAL | |
| Título principal | Três ensaios de história colonial / |
| Indicação de responsabilidade | Corcino Medeiros dos Santos. |
| 260 ## - PUBLICAÇÃO, DISTRIBUIÇÃO, ETC. | |
| Local de publicação | Brasília : |
| Editora | Senado Federal, |
| -- | Conselho Editorial, |
| Data | c2008. |
| 300 ## - DESCRIÇÃO FÍSICA | |
| N. páginas ou volumes | 220 p. ; |
| Dimensões | 21 cm |
| 490 1# - INDICAÇÃO DE SÉRIE | |
| Título da série | Coleção edições do Senado Federal ; |
| Volume/designação sequencial da série | v. 86 |
| 504 ## - NOTA DE BIBLIOGRAFIA, ETC. | |
| Nota de bibliografia | Inclui bibliografia e índice. |
| 650 ## - ASSUNTO TÓPICO | |
| Cabeçalho tópico ou nome geográfico | Período colonial |
| Subdivisão geográfica | Brasil |
| Subdivisão cronológica | 1500-1822 |
| 650 ## - ASSUNTO TÓPICO | |
| Cabeçalho tópico ou nome geográfico | História |
| Subdivisão geográfica | Brasil |
| 830 #0 - ENTRADA SECUNDÁRIA DE SÉRIE -- TÍTULO UNIFORME | |
| Título uniforme | Edições do Senado Federal ; |
| Nº do volume/designação sequencial da série | 86 |
| 942 ## - ELEMENTOS DE ENTRADA ADICIONAIS (KOHA) | |
| Fonte de classificação ou esquema de arquivamento | Classificação Decimal Universal |
| Tipo de item do Koha | Livros |
| Estado: removido | Estado: perdido | Fonte de classificação ou esquema de arquivamento | Estado: danificado | Indisponível para empréstimo | Localização permanente | Localização atual | Data de aquisição | Total Checkouts | Número de Chamada completo | Código de barras | Date last seen | Número do exemplar | Preço efetivo a partir de | Tipo de item (Koha) |
|---|---|---|---|---|---|---|---|---|---|---|---|---|---|---|
| Classificação Decimal Universal | Biblioteca da Escola Superior de Contas do TCE/MT | Biblioteca da Escola Superior de Contas do TCE/MT | 03/12/2023 | 94(81) S237t | BIBTCEMT23120096 | 03/12/2023 | Ex. 1 | 03/12/2023 | Livros |